| 000 | 00668nam a2200121Ia 4500 | ||
|---|---|---|---|
| 008 | 220615s9999||||xx |||||||||||||| ||und|| | ||
| 100 | _aHollins, Etta R. | ||
| 245 | 0 | _aChapter 1 Teaching in the Shadow | |
| 546 | _aEnglish[eng] | ||
| 650 | _aEtta R. Hollins||conceptualizing||planning and engaging in powerful teaching||novice teacher professional development||novice teachers||preservice teacher preparation||teacher preparation for urban classrooms||teacher preparation programs||teaching and learning in urban classroom||urban schools||urban students | ||
| 856 | _uhttps://library.oapen.org/bitstream/20.500.12657/41400/1/9780415399135_oachapter1.pdf | ||
| 942 | _cEB | ||
| 999 |
_c13416 _d13416 |
||